| 000 | 003640000a22001450004500 | ||
|---|---|---|---|
| 003 | LK-CoMWRAF | ||
| 008 | 230817t1992 ||||| |||| 00| 0 eng d | ||
| 040 |
_aLK-CoMWRAF _dLK-CoMWRAF _eLK-CoMWRAF |
||
| 041 | _aeng | ||
| 082 |
_a400 _bPLU |
||
| 245 |
_aPluralism and its Cultural Expressions _b |
||
| 260 |
_aBellagio _bKeens Company _c1992 |
||
| 300 | _ap.79 | ||
| 942 | _cBK | ||
| 999 |
_c43 _d43 |
||